Obsluha a programování CNC strojů /

Hlavní autor: Rybín, Pavel
Další autoři: Rafaj, Josef, 1938-
Jazyk: Čeština
Vydáno: Praha : České vysoké učení technické, 1995
Vydání: Vyd. 1.
Témata:
Fyzický popis: 59 s. : il. ; 30 cm
Knihy
Uloženo v:
LEADER 00885nam a2200241 a 4500
001 000036081
003 CZ BrMZK
005 20120925095910.0
008 950313s1995 xr f cze d
020 |a 80-01-01391-X 
040 |a BOA001  |b cze 
080 |a 621.9-52(075)  |2 MRF 
100 1 |a Rybín, Pavel  |7 mzk2012722541  |4 aut 
245 1 0 |a Obsluha a programování CNC strojů /  |c Pavel Rybín, Josef Rafaj 
250 |a Vyd. 1. 
260 |a Praha :  |b České vysoké učení technické,  |c 1995 
300 |a 59 s. :  |b il. ;  |c 30 cm 
500 |a Určeno pro posl. fak. strojní Čes. vys. učení techn. v Praze. - Bibliogr. 
653 0 |a CNC stroje  |a programování chodu strojů 
700 1 |a Rafaj, Josef,  |d 1938-  |7 ntka173853  |4 aut 
910 |a BOA001  |b TK-A-0257.796 
990 |a BK 
996 7 |b 2620002148  |c TK-A-0257.796  |l MZK  |r Sklad / do 24 hodin  |n 59  |p kup  |w 000036081  |u 000010  |a 1  |e BOA001  |j MZK50  |s A